000 nam a22 a 4500
999 _c1787
_d1787
003 AKMAL
005 20170512090444.0
008 170512s1997 my 00 eng d
020 _a9839921800 (pbk.):
_cRM 90.00
040 _aAKMAL
082 0 4 _a343.59504 CHO
090 _a343.59504
_bCHO
100 1 _aChoong, Kwai Fatt,
_d1965-
_9332
245 1 0 _aAdvanced Malaysian taxation :
_bprinciples and practice /
_cChoong Kwai Fatt
250 _a2nd. ed.
260 _aPetaling Jaya :
_bInfoworld,
_c1997
300 _axviii, 444p. ;
_cill. ;
_c30cm
650 _aTaxation
_xLaw and legislation
_zMalaysia
_9204
650 _aTax administration and procedure
_zMalaysia
_9182
650 _aTax planning
_zMalaysia
_9183
942 _2ddc
_cBOOK